Welcome to CU Library Online Public Access Catalogue (OPAC)

Medical-Surgical Nursing (Record no. 7843)

MARC details
000 -LEADER
fixed length control field 00647nam a22001937a 4500
005 - DATE AND TIME OF LATEST TRANSACTION
control field 20251028115347.0
008 - FIXED-LENGTH DATA ELEMENTS--GENERAL INFORMATION
fixed length control field 251028b |||||||| |||| 00| 0 eng d
020 ## - INTERNATIONAL STANDARD BOOK NUMBER
International Standard Book Number 9780323016117
020 ## - INTERNATIONAL STANDARD BOOK NUMBER
International Standard Book Number 9780323016100
050 ## - LIBRARY OF CONGRESS CALL NUMBER
Classification number RT41
Item number .M488
100 ## - MAIN ENTRY--PERSONAL NAME
Personal name Lewis, Sharon Mantik
245 ## - TITLE STATEMENT
Title Medical-Surgical Nursing
Remainder of title Assessment and Management of Clinical Problems
Statement of responsibility, etc. Sharon Mantik Lewis, Margaret McLean Heitkemper & Shannon Ruff Dirksen
250 ## - EDITION STATEMENT
Edition statement 6th ed.
260 ## - PUBLICATION, DISTRIBUTION, ETC.
Place of publication, distribution, etc. St. Louis
Name of publisher, distributor, etc. Mosby
Date of publication, distribution, etc. 2004
300 ## - PHYSICAL DESCRIPTION
Extent 2v. xxxi.
Other physical details ill. color
Dimensions 28cm
700 ## - ADDED ENTRY--PERSONAL NAME
Personal name Heitkemper, Margaret McLean
700 ## - ADDED ENTRY--PERSONAL NAME
Personal name Dirksen, Shannon Ruff
942 ## - ADDED ENTRY ELEMENTS (KOHA)
Source of classification or shelving scheme Library of Congress Classification
Koha item type Books
Edition 6th ed.
Suppress in OPAC No
999 ## -
-- 7843
-- 7843
Holdings
Withdrawn status Lost status Source of classification or shelving scheme Damaged status Not for loan Collection Home library Current library Shelving location Date acquired Total checkouts Full call number Barcode Date last seen Copy number Price effective from Koha item type
    Library of Congress Classification     Non-fiction Science Library (Miotso) Science Library (Miotso) General stacks 10/28/2025   RT41 .M488 MED SLM00004661 10/28/2025 1 10/28/2025 Books
    Library of Congress Classification     Non-fiction Science Library (Miotso) Science Library (Miotso) General stacks 10/28/2025   RT41 .M488 MED SLM00004662 10/28/2025 2 10/28/2025 Books
    Library of Congress Classification     Non-fiction Science Library (Miotso) Science Library (Miotso) General stacks 10/28/2025   RT41 .M488 MED SLM00004663 10/28/2025 3 10/28/2025 Books
© 2023-2024 Copyright: Central University Libraries. All Rights Reserved | Created by: Mahone Tech Office